| 000 | 00870nam a22002417a 4500 | ||
|---|---|---|---|
| 999 |
_c162169 _d162169 |
||
| 005 | 20190816124410.0 | ||
| 010 | _a1819CHEN B-719427-447 | ||
| 020 |
_a9788180222313 _c249.00 |
||
| 035 | _aB-719427-447 | ||
| 035 | _aB-728611 | ||
| 037 |
_adpl _bBlueberry |
||
| 082 | _aS | ||
| 100 | _aPerrault,Charles | ||
| 245 |
_aSleeping beauty / _cby Charles Perrault ;illustrated by Andrea Dailey |
||
| 260 |
_bPriority Publications _c2017 _aNew Delhi |
||
| 270 |
_a4325/3, Ansari Road, Daryaganj _bNew Delhi _e110002 |
||
| 300 |
_aunpaged: _bcol. ill. _c30cm(Hb) |
||
| 500 | _aAirport | ||
| 700 | _aDailey, Andrea | ||
| 942 |
_2ddc _cCH _mPER _hS |
||